| 000 | 00000nam 2200000za 4500 |
| 001 | 9.843645 |
| 003 | CaOODSP |
| 005 | 20241210082354 |
| 007 | cr ||||||||||| |
| 008 | 170914t20132012onca #o f000 0 fre d |
| 040 | |aCaOODSP|bfre |
| 043 | |an-cn--- |
| 086 | 1 |aFB12-7/3-2013F-PDF |
| 245 | 04|aLes avantages d'un bas taux d'inflation |h[ressource électronique]. |
| 260 | |a[Ottawa] : |bBanque du Canada, |c2013, c2012. |
| 300 | |a[2] p. |
| 490 | 1 |aDocuments d'information |
| 500 | |a« Mai 2013 ». |
| 500 | |aTitre de départ. |
| 500 | |aPubl. aussi en anglais sous le titre : The benefits of low inflation. |
| 520 | |a« Conformément à son mandat, la Banque du Canada mène la politique monétaire de façon à favoriser la prospérité économique et financière des Canadiens et des Canadiennes. Elle poursuit cet objectif en maintenant l’inflation à un niveau bas, stable et prévisible, procurant ainsi un climat plus favorable à une croissance solide et durable de l’économie et à la création d’emplois » -- p. [1]. |
| 692 | 07|2gccst|aInflation |
| 692 | 07|2gccst|aBanque |
| 692 | 07|2gccst|aTaux d'intérêt |
| 710 | 2 |aBanque du Canada. |
| 775 | 08|tThe benefits of low inflation |w(CaOODSP)9.843639 |
| 830 | #0|aDocuments d'information (Banque du Canada)|w(CaOODSP)9.839693 |
| 856 | 40|qPDF|s124 KB|uhttps://publications.gc.ca/collections/collection_2017/banque-bank-canada/FB12-7-3-2013-fra.pdf |